000 00486nam a2200181Ia 4500
001 25424
005 20260414151149.0
008 260414t2022||||xx |||||||||||||| ||spa||
041 _aESP
082 _a346.5
_bP19N
100 _aPalacios Martínez, Eric
_eAUT
245 0 _aEl negocio jurídico :
_bconcepto y disciplina en el ordenamiento jurídico peruano
260 _c2022
300 _a606 páginas :
_c25 cm.
650 _aDER
654 _aCDE
942 _cLIB
_dJUS
_fJUS
_2ddc
_n
999 _c25424
_d25424